000
00216nam a2200097Ia 4500
005
20251222113743.0
008
251222s1900||||xx |||||||||||||| ||spa||
082
_a
DVD0070/G37/2004
245
0
_a
Hotel Rwanda:
942
_c
DVD
999
_c
675
_d
675